The new economic diplomacy decision-making and negotiation in international economic relations

Enregistré dans:
Détails bibliographiques
Autres auteurs: Bayne, Nicholas, Woolcock, Stephen
Format: Livre
Langue:anglais
Publié: Aldershot Ashgate 2007
Édition:2nd ed.
Collection:Global finance
Sujets:
Tags: Ajouter un tag
Pas de tags, Soyez le premier à ajouter un tag!

MARC

LEADER 00000nam$a2200000$$$4500
001 0071566
005 20240315121823.5
020 |a 978-0-7546-7048-3 
041 0 |a eng 
044 |a GB 
245 1 0 |a The new economic diplomacy  |b decision-making and negotiation in international economic relations  |c edited by: Nicholas Bayne, Stephen Woolcock 
250 |a 2nd ed. 
264 1 |a Aldershot  |b Ashgate  |c 2007 
300 |a 391 s. 
490 1 |a Global finance 
830 0 |a Global finance 
610 2 0 |a vzťahy hospodárske medzinárodné 
610 2 0 |a spolupráca medzinárodná 
610 2 0 |a politika obchodná 
610 2 0 |a vyjednávanie 
610 2 0 |a rozhodovanie 
610 2 0 |a štúdie prípadové 
610 2 0 |a diplomacia hospodárska 
610 2 0 |a analýzy 
610 2 0 |a investície 
610 2 0 |a bilateralita 
610 2 0 |a krajiny rozvojové 
610 2 0 |a politika regionálna 
610 2 0 |a multilateralita 
610 2 0 |a energetika 
610 2 0 |a agentúry 
610 2 0 |a organizácie finančné 
610 2 0 |a organizácie medzinárodné 
610 2 0 |a obchod svetový 
610 2 0 |a prognózy 
700 1 |a Bayne, Nicholas 
700 1 |a Woolcock, Stephen